Schulfächer in Deutschland - Statistiken

Allgemein
  • Dieses Quiz wurde 3.913 mal gespielt
    2.750 seit der letzten Aktualisierung
  • Das Durchschnittsergebnis liegt bei 16 aus 19
Antwortstatistiken
Unterrichtsfach % Korrekt
Deutsch
100%
Mathematik
99%
Englisch
98%
Sport
96%
Biologie
94%
Chemie
94%
Physik
93%
Französisch
92%
Kunst
87%
Erdkunde
84%
Spanisch
84%
Musik
83%
Geschichte
82%
Latein
80%
Religion
79%
Politik
74%
Technik/Informatik
68%
Wirtschaft/Recht
63%
Ethik/Philosophie
58%
Keine übereinstimmenden Quizze gefunden
Verteilung der Resultate
Anzahl Personen mit jedem Resultat
Perzentil nach korrekt beantworteten Fragen
Ihre Resultats-Entwicklung
Sie haben dieses Quiz seit der letzten Aktualisierung nicht gespielt